Bruhadaaranyokopanishada (Addhyaaya-4) (Record no. 347826)

MARC details
000 -LEADER
fixed length control field 003870000a22001690004500
005 - DATE AND TIME OF LATEST TRANSACTION
control field 20120302055226.0
040 ## - CATALOGING SOURCE
Original cataloging agency MAR
100 ## - MAIN ENTRY--PERSONAL NAME
Personal name Deshmukh,Sri.Da.
245 ## - TITLE STATEMENT
Title Bruhadaaranyokopanishada (Addhyaaya-4)
260 ## - PUBLICATION, DISTRIBUTION, ETC. (IMPRINT)
Place of publication, distribution, etc Dombivli:Morayaa
300 ## - PHYSICAL DESCRIPTION
Extent 137p.
365 ## - TRADE PRICE
Price amount 45/-
650 ## - SUBJECT ADDED ENTRY--TOPICAL TERM
Topical term or geographic name as entry element Tatvadnyan
650 ## - SUBJECT ADDED ENTRY--TOPICAL TERM
Topical term or geographic name as entry element Upnishada
650 ## - SUBJECT ADDED ENTRY--TOPICAL TERM
Topical term or geographic name as entry element Bruhadaaranyakopabishada
942 ## - ADDED ENTRY ELEMENTS (KOHA)
Koha item type Book
Holdings
Withdrawn status Lost status Damaged status Not for loan Home library Current library Date acquired Total Checkouts Barcode Date last seen Price effective from
        Institute For Oriental Study, Thane Institute For Oriental Study, Thane 12/02/2009   IOS-8071 12/02/2009 12/02/2009